000 00636nam a2200229Ia 4500
003 OSt
005 20241008115426.0
008 210210b2005 xxu||||| |||| 00| 0 eng d
020 _a81 219 0261 4
040 _cAL
041 _aEnglish
082 _a596.033 VERC
100 _aVERMA (P S)
_9181787
245 _aChordate embryology: developmental biology of nonchordates and chordates.
260 _aND
_bS. Chand & Co. Ltd.
_c2005
300 _axvi,667
650 _aChordate embryology developmental biology
_9181788
690 _aZoology
_9181789
700 _aAGARWAL (V K).
_9181790
906 _a060122
942 _2ddc
_cBK
999 _c107299
_d107299